000 00643nas a2200217 4500
001 BR7600220
003 BR-BrBNA
005 20231205082857.0
007 ta
008 230509b bl.|||p| |||| 00| 00por d
040 _aBR-BrBNA
_bpor
_cBiblioteca Nacional de Agricultura
041 _a(Pt)
072 _aF70
100 1 _aRizzini, C.T.
245 1 _aContribuicao ao conhecimento da estrutura do cerrado [Brasil]
650 _aINVENTARIO FLORESTAL
650 _aCERRADO
773 0 _tBrasil Florestal (Brazil)
_xISSN 0045-270X
_g(Apr 1975), v. 6(22) p. 3-15
_wBR7600220
909 _a202311
_bLúcia
_c55
_dLúcia Elande
942 _2AGRIS
_n0
_cANA
999 _c94784
_d94784